|
|
|
|
| LEADER |
00949ncm a2200253 a 4500 |
| 001 |
000559992 |
| 003 |
CZ BrMZK |
| 005 |
20180927133100.0 |
| 008 |
000105s2000 xr cze d |
| 028 |
0 |
3 |
|a DH 113
|b Michal Steranka
|
| 040 |
|
|
|a BOA001
|b cze
|
| 080 |
|
|
|a 788.085
|2 MRF
|
| 100 |
1 |
|
|a Bulka, Antonín,
|d 1944-
|7 xx0003785
|
| 245 |
1 |
0 |
|a Poslední zhasne
|h [hudebnina] :
|b polka /
|c Antonín Bulka
|
| 260 |
|
|
|a Křižanovice :
|b Michal Steranka,
|c c2000
|
| 300 |
|
|
|a 1 řídící hlas ;
|c 15 x 20 cm +
|e 17 hlasů
|
| 490 |
1 |
|
|a Dechová hudba
|
| 653 |
0 |
|
|a malý dechový orchestr
|a orchestrální polky
|
| 830 |
|
0 |
|a Dechová hudba (Steranka)
|
| 910 |
|
|
|a BOA001
|b Mus1-1083.041
|
| 964 |
|
|
|a Orchestr dechový
|x HUD
|
| 990 |
|
|
|a MU
|
| 996 |
7 |
|
|b 2610130830
|c Mus1-1083.041
|l MZK
|r Sklad / do 1 hodiny
|n 1
|p p.v.
|w 000559992
|u 000010
|a 1
|e BOA001
|j MZK50
|s A
|
| 996 |
6 |
|
|b 2610249867
|c Mus1-1083.041
|l MZK
|r Sklad / do 1 hodiny
|n 0
|w 000559992
|u 000020
|a 1
|e BOA001
|j MZK50
|s P
|